| 000 | 03319nam a22002657a 4500 | ||
|---|---|---|---|
| 001 | 216219220 | ||
| 003 | UA-OsUOA | ||
| 005 | 20210118135917.0 | ||
| 008 | 200909b un ||||| m||| 00| 0 ukr d | ||
| 040 |
_aUA-OsUOA _bukr _cUA-OsUOA _dUA-OsUOA |
||
| 041 | _aukr | ||
| 080 | _a347.78 | ||
| 090 | _a347.78 | ||
| 095 |
_a12.00.03 _bцивільне право і цивільний процес; сімейне право; міжнародне приватне право |
||
| 100 | _aВащинець І. І. | ||
| 245 |
_aЦивільно-правова охорона авторських прав в умовах розвитку інформаційних технологій _cВащинець Іван Іванович ; наук. керівник Бошицький Юрій Ладиславович |
||
| 260 |
_aКиїв _c2006 |
||
| 300 | _a20 с. | ||
| 502 |
_6Автореферат дисертації на здобуття наукового ступеня кандидата юридичних наук
_cІнститут держави і права ім. В. М. Корецького _d2006 |
||
| 520 | _aДисертація присвячена комплексному дослідженню проблем цивільноправової охорони авторських прав в умовах розвитку інформаційних технологій. У дисертації визначаються основні тенденції розвитку авторського права в сучасних умовах, вплив інформаційних технологій на розвиток понять об’єкта ангорського права та автора твору, проводиться правовий аналіз поняття та умов охорони авторських прав, а також особливостей цивільно-правової охорони особистих немайнових та майнових прав автора, визначається поняття захисту авторських прав, досліджується правова природа цивільно-правових способів захисту авторських прав, дається поняття технічних засобів захисту авторського права, визначається їх правовий статус. У дисертаційному дослідженні на підставі правового аналізу чинного вітчизняного та іноземного законодавства, вітчизняної та іноземної судової практики, юридичної літератури обґрунтовані наукові висновки, сформульовані пропозиції щодо удосконаленні Цивільного кодексу України та Закону України “Про авторське право і суміжні права”. | ||
| 650 |
_2UDC _a347 Цивільне право |
||
| 942 |
_2udc _cAR |
||
| 955 | _a1 | ||
| 999 |
_c463215 _d463215 |
||